• 首页
  • 本馆介绍
  • 公告通知
  • 最新文献
  • 馆藏检索
  • 电子资源
  • 读者导购
  • 参考咨询
  • 我的图书馆
  • 登录
  • 详细信息显示
  • 放入我的书架
  • 预约/预借图书
  • 作者相关作品
  • 分类相关作品
  • 丛书相关作品
  • 出版社相关作品

书目信息

  • 表格格式
  • 工作单格式
  • 卡片格式
题名:
生物化学仪器指南
    
 
作者: 郭尧君 主编
分册: 第三册   波谱仪器、离心机、X射线衍射仪等
出版信息: 北京   科学出版社  1989.12
页数: 113页
开本: 26厘米
丛书名:
单 册:
中图分类: Q5-3
科图分类:
主题词: 生物化学--研究方法
电子资源:
ISBN: 7-03-000944-4
000 01040nam0 2200229 45
001 0190017128
005 20061124091316.60
010    @a7-03-000944-4@dCNY8.30
100    @a19921223d1989 em y0chiy0121 ea
101 0  @achi
102    @aCN@b110000
105    @af z 000yy
200 10 @a生物化学仪器指南@ASHENG WU HUA XUE YI QI ZHI NAN@h第三册@i波谱仪器、离心机、X射线衍射仪等@IBO PU YI QI 、 LI XIN JI 、X SHE XIAN YAN SHE YI DENG@f郭尧君主编@FGUO YAO JUN ZHU BIAN
210    @a北京@c科学出版社@d1989.12
215    @a113页@c图版@d26厘米
330    @a本册包括六类仪器:核磁共振仪、顺磁共振仪、超速离心机、液体闪烁记数器、γ辐射探测装置、x射线衍射仪。分别介绍仪器的简单原理、类型、附件、安装、选购知识及应用。
540 1  @a生物 化学 仪器 指南 第三册 波谱 仪器 离心机 x射线 衍射仪@ASHENG WU HUA XUE YI QI ZHI NAN DI SAN CE BO PU YI QI LI XIN JI x SHE XIAN YAN SHE YI
606 0  @a生物化学@x研究方法
690    @aQ5-3@v3
701  0 @a郭尧君@AGUO YAO JUN@4主编
801  0 @aCN@bTSSF@c20061124
905    @a10447@dQ5-3@e48:3
    
    生物化学仪器指南.第三册.波谱仪器、离心机、X射线衍射仪等/郭尧君主编.-北京:科学出版社,1989.12
    113页:图版;26厘米
    
    
    ISBN 7-03-000944-4:CNY8.30
    本册包括六类仪器:核磁共振仪、顺磁共振仪、超速离心机、液体闪烁记数器、γ辐射探测装置、x射线衍射仪。分别介绍仪器的简单原理、类型、附件、安装、选购知识及应用。
●
相关链接 在E读中查询图书 在五车中查询图书 在当当中查询图书 在豆瓣中查询图书


正题名:生物化学仪器指南     索取号:Q5-3/48:3         预约/预借

序号 登录号 条形码 馆藏地/架位号 状态 备注
1 0259038   000703144   第二样本阅览室/ [索取号:Q5-3/48:3] 在馆    
唐山师范学院图书馆 欢迎您!
大连网信软件有限公司© 版权所有